00514nam a2200169Ia 450000500170000000800410001702000150005808200130007310000180008624500320010426000570013630000180019350000200021194200060023195200940023799900130033120250509035513.0240331s9999 xx 000 0 und d a9559183001 a070bATT aAttanayake, B 0aJanasanniwedanaye ath potha aMinuwangodabSanniwedana Athiyana Gendiraiyac1992  aviii, 76 p ., aA book on media cL 001040708LaWERCLbWERCLcSSCd2024-03-31l0o 070 ATTp911r2024-03-31w2024-03-31yL c651d651